The Ambedkar-Gandhi Debate : (Record no. 1672554)

MARC details
000 -LEADER
fixed length control field 00458 a2200169 4500
005 - DATE AND TIME OF LATEST TRANSACTION
control field 20260309152930.0
008 - FIXED-LENGTH DATA ELEMENTS--GENERAL INFORMATION
fixed length control field 260309b |||||||| |||| 00| 0 eng d
020 ## - INTERNATIONAL STANDARD BOOK NUMBER
International Standard Book Number 9789819604135
040 ## - CATALOGING SOURCE
Transcribing agency SDCL
041 ## - LANGUAGE CODE
Source of code eng
Language code of text/sound track or separate title eng
084 ## - COLON CLASSIFICATION NUMBER
Classification number V2y7M69:g(y:1) R2
100 ## - MAIN ENTRY--PERSONAL NAME
Personal name Bindu Puri,
245 ## - TITLE STATEMENT
Title The Ambedkar-Gandhi Debate :
Remainder of title On Identity, Community and Justice
260 ## - PUBLICATION, DISTRIBUTION, ETC.
Place of publication, distribution, etc. Singapore :
Name of publisher, distributor, etc. Springer,
Date of publication, distribution, etc. 2025.
300 ## - PHYSICAL DESCRIPTION
Extent xv, 266p.
942 ## - ADDED ENTRY ELEMENTS (KOHA)
Koha item type Textual
Source of classification or shelving scheme Colon Classification (CC)
999 ## -
-- 1672554
-- 1672554
Holdings
Withdrawn status Lost status Source of classification or shelving scheme Damaged status Not for loan Home library Current library Date acquired Source of acquisition Cost, normal purchase price Inventory number Total checkouts Full call number Barcode Date last seen Cost, replacement price Price effective from Koha item type
    Colon Classification (CC)     South Campus Library South Campus Library 2025-12-10 67 1596.00 1237 & 10/12/2025   V2y7M69:g(y:1) R2 SC1691759 2025-12-10 1995.00 2025-12-10 Textual
Copyright @ Delhi University Library System